00566nam a22001577a 450000500170000001000150001702000270003203500140005903700160007308200120008910000150010124500500011626000400016627001480020630000540035420220830150544.0 aENG-134792 c1195.00a9789380156217 aEN-118324 bDBAD/PUBa- a333.714 aAery, N.C. aManual of Environmental Analysis/cN.C. Aery aNew DelhibAne books pvt ltd.c2010 aAne books pvt ltd. 4821, parwana bhawan 1st floor,24 Ansari road, DaryaganjbNew Delhie110002k011-23276843l011-23276863mkapoor@anebooks.com ax, 413p.bIndex, Annexure, Bibliographyc24cm(hb)